Исследование формирования динамических вихревых структур при сдвиговом нагружении материалов с системой пор различного масштаба; Физическая мезомеханика; Т. 9, № 3

Бібліографічні деталі
Parent link:Физическая мезомеханика/ Институт физики прочности и материаловедения ; Российская академия наук (РАН), Сибирское отделение (СО), Институт физики прочности и материаловедения (ИФПМ).— , 1998-.— 1683-805X
Т. 9, № 3.— 2006.— с. 23-32
Автор: Дмитриев А. И. Андрей Иванович
Інші автори: Псахье С. Г. Сергей Григорьевич
Мова:Російська
Опубліковано: 2006
Предмети:
Формат: Частина з книги
KOHA link:https://koha.lib.tpu.ru/cgi-bin/koha/opac-detail.pl?biblionumber=449911

MARC

LEADER 00000naa2a2200000 4500
001 449911
005 20231101083235.0
035 |a (RuTPU)RU\TPU\prd\112028 
035 |a RU\TPU\prd\46205 
090 |a 449911 
100 |a 20110608a2006 k y0rusy50 ca 
101 0 |a rus 
102 |a RU 
200 1 |a Исследование формирования динамических вихревых структур при сдвиговом нагружении материалов с системой пор различного масштаба  |f А. И. Дмитриев, С. Г. Псахье 
320 |a Библиогр.: 18 назв. 
461 0 |0 (RuTPU)RU\TPU\prd\353  |x 1683-805X  |t Физическая мезомеханика  |f Институт физики прочности и материаловедения ; Российская академия наук (РАН), Сибирское отделение (СО), Институт физики прочности и материаловедения (ИФПМ)  |d 1998- 
463 0 |0 (RuTPU)RU\TPU\prd\112026  |t Т. 9, № 3  |v с. 23-32  |d 2006 
610 1 |a динамические вихревые структуры 
610 1 |a формирование 
610 1 |a материалы 
610 1 |a сдвиговое нагружение 
610 1 |a отклик материалов 
610 1 |a компьютерное моделирование 
610 1 |a метод молекулярной динамики 
610 1 |a метод подвижных клеточных автоматов 
610 1 |a деформация 
610 1 |a практическое применение 
610 1 |a дефекты 
700 1 |a Дмитриев  |b А. И.  |c физик  |c инженер Томского политехнического университета, доктор физико-математических наук  |f 1972-  |g Андрей Иванович  |2 stltpush  |3 (RuTPU)RU\TPU\pers\35603 
701 1 |a Псахье  |b С. Г.  |c физик  |c заведующий лабораторией, советник ректора, заведующий кафедрой Томского политехнического университета, доктор физико-математических наук  |f 1952-  |g Сергей Григорьевич  |2 stltpush  |3 (RuTPU)RU\TPU\pers\25589 
801 1 |a RU  |b 63413507  |c 20060919  |g PSBO 
801 2 |a RU  |b 63413507  |c 20160119  |g RCR 
942 |c BK